5HLuxD.jpg

KING HENRY VIII SENIOR AND PRIMARY SCHOOL LIBRARY OPAC

The mighty odds / (Record no. 1616)

000 -LEADER
fixed length control field 00983cam a2200265 i 4500
003 - CONTROL NUMBER IDENTIFIER
control field OSt
005 - DATE AND TIME OF LATEST TRANSACTION
control field 20230116105930.0
008 - FIXED-LENGTH DATA ELEMENTS--GENERAL INFORMATION
fixed length control field 161014s2016 nyua j 000 1 eng d
020 ## - INTERNATIONAL STANDARD BOOK NUMBER
International Standard Book Number 9781419712715
040 ## - CATALOGING SOURCE
Original cataloging agency FMG
Language of cataloging eng
Description conventions rda
Transcribing agency FMG
Modifying agency FOLLT
-- OCLCO
-- CaOL
-- KH8
082 ## - DEWEY DECIMAL CLASSIFICATION NUMBER
Classification number FIC IGN
100 1# - MAIN ENTRY--PERSONAL NAME
Personal name Ignatow, Amy.
Relator term author
245 14 - TITLE STATEMENT
Title The mighty odds /
Statement of responsibility, etc. Amy Ignatow.
264 #1 - PRODUCTION, PUBLICATION, DISTRIBUTION, MANUFACTURE, AND COPYRIGHT NOTICE
Place of production, publication, distribution, manufacture New York :
Name of producer, publisher, distributor, manufacturer Amulet Books,
Date of production, publication, distribution, manufacture, or copyright notice c2016.
300 ## - PHYSICAL DESCRIPTION
Extent 227 pages :
Other physical details illustrations ;
Dimensions 21 cm.
336 ## - CONTENT TYPE
Content type term text
Source rdacontent.
337 ## - MEDIA TYPE
Media type term unmediated
Source rdamedia.
338 ## - CARRIER TYPE
Carrier type term volume
Source rdacarrier.
520 ## - SUMMARY, ETC.
Summary, etc. A bus crash gives four very different middle schoolers odd super powers, and although they wouldn't normally be caught dead together, they must pool their powers to find out what happened to them.
650 #0 - SUBJECT ADDED ENTRY--TOPICAL TERM
Topical term or geographic name entry element Superheroes
Form subdivision Juvenile fiction.
650 #0 - SUBJECT ADDED ENTRY--TOPICAL TERM
Topical term or geographic name entry element Middle schools
Form subdivision Juvenile fiction.
650 #0 - SUBJECT ADDED ENTRY--TOPICAL TERM
Topical term or geographic name entry element Schools
Form subdivision Juvenile fiction.
830 #0 - SERIES ADDED ENTRY--UNIFORM TITLE
Uniform title Mighty odds series ;
Volume/sequential designation [1]
942 ## - ADDED ENTRY ELEMENTS (KOHA)
Source of classification or shelving scheme
Koha item type Books - Non Ficton
Holdings
Withdrawn status Lost status Source of classification or shelving scheme Damaged status Not for loan Collection code Permanent Location Current Location Shelving location Date acquired Total Checkouts Total Renewals Full call number Barcode Date last seen Date last checked out Price effective from Koha item type
          Non-Fiction KH8 Primary School Library KH8 Primary School Library Non Fiction 2023-01-16 11 1 FIC IGN KHPL000003376 2025-12-05 2025-10-06 2023-01-16 Books - Non Ficton

Powered By KH8 IT Dept